Report of The Select Committee on Mines And Energy On the Petroleum ( Exploration And Production) Bill, 2014 (Record no. 1462)

MARC details
000 -LEADER
fixed length control field 00511nam a2200157Ia 4500
008 - FIXED-LENGTH DATA ELEMENTS--GENERAL INFORMATION
fixed length control field 240428s9999||||xx |||||||||||||| ||und||
041 ## - LANGUAGE CODE
Language code of text/sound track or separate title eng
082 ## - DEWEY DECIMAL CLASSIFICATION NUMBER
Classification number BR/PEP/14
100 ## - MAIN ENTRY--PERSONAL NAME
Personal name Committee on Mines And Energy
245 #0 - TITLE STATEMENT
Title Report of The Select Committee on Mines And Energy On the Petroleum ( Exploration And Production) Bill, 2014
260 ## - PUBLICATION, DISTRIBUTION, ETC.
Name of publisher, distributor, etc. Committee on Mines And Energy
Place of publication, distribution, etc. Accra
Date of publication, distribution, etc. 2014
300 ## - PHYSICAL DESCRIPTION
Extent 20p.
650 ## - SUBJECT ADDED ENTRY--TOPICAL TERM
Topical term or geographic name entry element Petroleum ( Exploration And Production) Bill, 2014
942 ## - ADDED ENTRY ELEMENTS (KOHA)
Koha item type Bills From Committees
Holdings
Withdrawn status Lost status Damaged status Not for loan Home library Current library Shelving location Date acquired Total checkouts Full call number Date last seen Copy number Price effective from Koha item type
        Main Library Main Library Open Shelves 22/07/2022   BR/PEP/14 1849 C1 - BR/PEP/14 1550 C2 29/04/2024 1 29/04/2024 Bills From Committees
©2026  Parliament of Ghana Library - All rights reserved